Europejskie miasta po zdjęciach (poziom umiarkowany) - Statystyki

Ogólne statystyki
  • Ten quiz został rozwiązany 65 razy
  • Średni wynik to 13 z 30
Statystyki odpowiedzi
Obrazkowy Odpowiedź % Poprawnych
Paryż
92%
Amsterdam
82%
Budapeszt
78%
Gdańsk
76%
Berlin
69%
Watykan
69%
Kopenhaga
65%
Lizbona
61%
Florencja
57%
Praga
57%
Stambuł
55%
Monako
45%
Petersburg
41%
Barcelona
39%
Wiedeń
39%
Moskwa
35%
Dubrownik
31%
Reykjavík
31%
Santoryn
31%
Sztokholm
31%
Gibraltar
29%
Mostar
29%
Wenecja
29%
Edynburg
22%
Tallinn
22%
Sewilla
18%
Zurych
14%
Porto
12%
Gandawa
8%
Lwów
8%
Nie znaleziono quizów pasujących do podanych kryteriów
Rozkład punktacji
Procent ludzi z każdym wynikiem
Percentyl według liczby udzielonych odpowiedzi
Twoja historia wyników
Nie rozwiązałeś tego quizu